Schmidt, Alfred
| Titel: | Schmidt, Alfred : Entstehungsgeschichte der humanitären Freimaurerei : deistische Wurzeln und Aspekte : hg. von Klaus-Jürgen Grün und Thomas Forwe / Jürgen Beer |
|---|---|
| Verfasser: | |
| In: |
Comenius-Jahrbuch, Band 25 (2017), Seite 97-99 alle Artikel anzeigen |
| Veröffentlicht: | 2017 |
| Format: | Aufsatz |
| Sprache: | Deutsch |
X
alg: 42513328 001A $03025:23-01-18 001B $06050:02-02-26 $t06:39:16.000 001C $03025:23-01-18 $t11:16:22.000 001D $03025:23-01-18 001U $0utf8 001X $00 002@ $0Aou 002C $aText $btxt $2rdacontent 002D $aohne Hilfsmittel zu benutzen $bn $2rdamedia 002E $aBand $bnc $2rdacarrier 003@ $0425133281 007A $0425133281 $aHEB 010@ $ager 010E $erda 011@ $a2017 013D $#Newspapers Sections, columns, etc. Reviews $#Book reviewing $#Journaux Cahiers, chroniques, etc. Comptes rendus $#Livres Recension $#Rezension $#Rezension $#Buchbesprechung $#Buchrezension $#Buchkritik $74049712-4 $8Rezension [Ts1] $9085138568 021A $aSchmidt, Alfred $dEntstehungsgeschichte der humanitären Freimaurerei : deistische Wurzeln und Aspekte : hg. von Klaus-Jürgen Grün und Thomas Forwe $hJürgen Beer 028A $BVerfasser $4aut $7 $8Beer, Jürgen [Tnd] $9145693082 031A $d25 $h97-99 $j2017 039B $aEnthalten in $8--Abvc--. Comenius-Jahrbuch. - Baden-Baden : Academia Verlag, 1993-. - ISSN 0945-313X $x201700000250000903 $9048643025 039T $aRezension von $8--Aau--Schmidt, Alfred$Z1931-2012 [Tp1]. Entstehungsgeschichte der humanitären Freimaurerei. - 1. Auflage. - Leipzig : Salier Verlag, 2014. - 195 Seiten. - ISBN 978-3-943539-40-0 $9352388897 045F $a900.94371 $eDDC23BSB 045F/01 $a900 045F/03 $g4371 045T $a1 $a5,3 045T $aTHEO $qDE-21 $2FID lok: 42513328 78 exp: 42513328 78 1 #EPN 201B/01 $023-01-18 $t11:16:22.000 201C/01 $023-01-18 201U/01 $0utf8 203@/01 $0101572048X 208@/01 $a23-01-18 $be 209A/01 $a/ $f000 $x00 209A/01 $ab*p $x01 220C/01 $awma 244Z/01 $#Böhmische Kronländer $#Länder der Böhmischen Krone $#Sudetenland $#Böhmen $#Mähren $#Mährisch-Schlesien $#Österreichisch-Schlesien $#Tschechische Sozialistische Republik Böhmische Länder $#Tschechei Böhmische Länder $#Země koruny české $74069573-6 $8--Tg1--Böhmische Länder $x03 $9085195553 247C/01 $82080>Marburg/Lahn, Herder-Institut, Forschungsbibliothek, Bibliographieportal $9336309341
| LEADER | 00000caa a2200000 c 4500 | ||
|---|---|---|---|
| 001 | 425133281 | ||
| 003 | DE-603 | ||
| 005 | 20260202063916.0 | ||
| 007 | tu | ||
| 008 | 180123s2017 xx |||| | u00||u|ger c | ||
| 035 | |a (DE-599)HEB425133281 | ||
| 040 | |a DE-603 |b ger |c DE-603 |d DE-603 |e rda | ||
| 041 | |a ger | ||
| 082 | 0 | 4 | |8 1\u |a 900.94371 |q DE-101 |2 23/BSB |
| 084 | |a 1 |a 5,3 |2 ssgn | ||
| 084 | |a THEO |q DE-21 |2 fid | ||
| 085 | |8 1\u |b 900 | ||
| 085 | |8 1\u |z 2 |s 4371 | ||
| 100 | 1 | |a Beer, Jürgen |e Verfasser |4 aut |0 (DE-603)145693082 | |
| 245 | 0 | 0 | |a Schmidt, Alfred |b Entstehungsgeschichte der humanitären Freimaurerei : deistische Wurzeln und Aspekte : hg. von Klaus-Jürgen Grün und Thomas Forwe |c Jürgen Beer |
| 264 | 0 | |c 2017 | |
| 336 | |a Text |b txt |2 rdacontent | ||
| 337 | |a ohne Hilfsmittel zu benutzen |b n |2 rdamedia | ||
| 338 | |a Band |b nc |2 rdacarrier | ||
| 655 | 7 | |a Rezension |2 gnd-content |0 (DE-588)4049712-4 |0 (DE-603)085138568 | |
| 773 | 0 | 8 | |i Enthalten in |t Comenius-Jahrbuch |d Baden-Baden : Academia Verlag, 1993- |x 0945-313X |g Band 25 (2017), Seite 97-99 |w (DE-603)048643025 |w (DE-600)1180744-1 |
| 787 | 0 | 8 | |i Rezension von |a Schmidt, Alfred, 1931-2012 |t Entstehungsgeschichte der humanitären Freimaurerei |b 1. Auflage |d Leipzig : Salier Verlag, 2014 |h 195 Seiten, 190 mm x 120 mm |z 9783943539400 |w (DE-603)352388897 |
| 924 | 0 | |9 2080 |a (DE-603)101572048X |b DE-2080 |c HES |d d |g / | |


